Financie investícií praktikum

Gespeichert in:
Bibliographische Detailangaben
1. Verfasser: Šedivý, Ľubomír
Körperschaft: Vysoká škola ekonomická v Bratislave. Národohospodárska fakulta
Format: Buch
Sprache:Slowakisch
Veröffentlicht: Bratislava VŠE 1985
Ausgabe:1. vyd.
Tags: Tag hinzufügen
Keine Tags, Fügen Sie das erste Tag hinzu!

MARC

LEADER 00000nam a2200000 4500
001 c107298
005 20221220075354.1
041 0 |a slo 
044 |a SK 
245 1 0 |a Financie investícií  |b praktikum  |c Ľubomír Šedivý 
250 |a 1. vyd. 
264 1 |a Bratislava  |b VŠE  |c 1985 
300 |a 94 s. 
100 1 |a Šedivý, Ľubomír 
710 2 |a Vysoká škola ekonomická v Bratislave. Národohospodárska fakulta